00542nam a2200157 i 450000100060000000300090000600500170001500700030003200800410003510000390007624501380011526000510025365000170030471000390032185200240036029444ES-MaACL20230906154032.0t|030122s1865 po ||||1| por d1 aBarbosa du Bocage, José Vicente.10aNota acerca los caractéres e affinidades naturales de um novo genero de mammiferos insectivoros / cJose Vicente Barboza du Bocage. aLisboa : b[s.n., c1865] (fTyp. da Academia) 4aMamíferos.2 aAcademia das Ciências de Lisboa.4 aES-MaACLjT-126-F-9